000 00600nam a2200181Ia 4500
008 151018s9999 xx 000 0 und d
082 _bRBASDV6378
_a891.463
100 _aबाबुराव - अर्नाळकर
245 _aदेशद्रोही
250 _b1
260 _bरम्यकथा प्रकाशन
_c1964
300 _a112
600 _aबाबुराव - अर्नाळकर
630 _aदेशद्रोही
700 _aबाबुराव - अर्नाळकर
730 _aदेशद्रोही
942 _cBOOK
999 _c1008754
_d1008751